000 00664nam a2200229 a 4500
008
020 _a0521274249 (pbk.)
049 _aMAIN
090 _aQA911
_bPAT
100 1 _aPaterson, A.R.
245 1 2 _aA first course in fluid dynamics /
_cA.R. Paterson.
260 _aCambridge :
_bCambridge University Press,
_c1983.
300 _avii, 528 p. :
_bill. ;
_c24 cm.
504 _aIncludes bibliographical references.
500 _aIncludes index.
650 0 _aFluid dynamics.
907 _a.b10041643
_b14-02-12
_c17-04-03
003
005 20230123133655.0
040 _cNUST
942 _cBOOKS
_kQA911
_mPAT
999 _c152653
_d152653